000128974 001__ 128974
000128974 005__ 20231213131044.0
000128974 037__ $$aTAZ-TFG-2023-3929
000128974 041__ $$aspa
000128974 1001_ $$aNarváez Lancuentra, Juan José
000128974 24200 $$aStudy of the control measures of vectors involved in the transmission of anaplasmosis
000128974 24500 $$aEstudio de las medidas de control de los vectores implicados en la transmisión de la anaplasmosis
000128974 260__ $$aZaragoza$$bUniversidad de Zaragoza$$c2023
000128974 506__ $$aby-nc-sa$$bCreative Commons$$c3.0$$uhttp://creativecommons.org/licenses/by-nc-sa/3.0/
000128974 520__ $$aLa Anaplasmosis ovina es una enfermedad emergente en Europa, más aún en España como<br />consecuencia de la especial sensibilidad de los ecosistemas mediterráneos al cambio climático,<br />produciendo pérdidas importantes en los rebaños afectados. El primer caso descrito en España fue en<br />el Matarraña (Teruel) y a partir de entonces numerosos casos han sido diagnosticados en Aragón y<br />España.<br />El agente causante de la enfermedad es una bacteria llamada Anaplasma ovis, un agente<br />intraeritrocitario obligado que se transmite principalmente a través de las garrapatas. Los signos<br />clínicos de dicha enfermedad se caracterizan por una marcada anemia en adultos acompañada de<br />adelgazamiento crónico, lo que supone importantes pérdidas económicas a las ganaderías implicadas,<br />siendo especialmente sensibles los animales en torno al primer parto y tras situaciones graves de<br />estrés.<br />Las medidas de prevención de la Anaplasmosis se basan en el control de las garrapatas, por ello es<br />necesario conocer qué productos son efectivos y en qué medida funcionan a la hora de evitar la<br />picadura de la garrapata.<br />En el presente estudio se han puesto a prueba dos tipos de insecticidas de la familia de los<br />piretroides; deltametrina y cipermetrina. Los ensayos se han llevado a cabo en dos rebaños diferentes<br />ubicados ambos en la provincia de Huesca, uno en Apiés y otro en Beleder (Campo), en los que se<br />valoró la eficacia de estos productos en sucesivas visitas tras su aplicación, valorando tanto la<br />presencia de garrapatas como los animales parasitados, así como la evolución en el número de<br />animales positivos mediante pruebas moleculares en ambas explotaciones.<br /><br /><br />
000128974 521__ $$aGraduado en Veterinaria
000128974 540__ $$aDerechos regulados por licencia Creative Commons
000128974 700__ $$aRuiz de Arcaute Rivero, Marta $$edir.
000128974 700__ $$aRuiz Pérez, Héctor$$edir.
000128974 7102_ $$aUniversidad de Zaragoza$$bPatología Animal$$cMedicina y Cirugía Animal
000128974 8560_ $$f774413@unizar.es
000128974 8564_ $$s31357039$$uhttps://zaguan.unizar.es/record/128974/files/TAZ-TFG-2023-3929.pdf$$yMemoria (spa)
000128974 909CO $$ooai:zaguan.unizar.es:128974$$pdriver$$ptrabajos-fin-grado
000128974 950__ $$a
000128974 951__ $$adeposita:2023-12-13
000128974 980__ $$aTAZ$$bTFG$$cVET
000128974 999__ $$a20230907105120.CREATION_DATE